Operative General Surgery in Neonates and Infants

This book focuses on standard operative techniques for important diseases in pediatric surgery, especially in neonates and infants, while also offering a wealth of schematic drawings and photographs to help readers understand the surgical techniques. Because of the rarity of the diseases and shortag...

Full description

Bibliographic Details
Corporate Author: SpringerLink (Online service)
Other Authors: Taguchi, Tomoaki (Editor), Iwanaka, Tadashi (Editor), Okamatsu, Takao (Editor)
Format: Electronic eBook
Language:English
Published: Tokyo : Springer Japan : Imprint: Springer, 2016.
Subjects:
Online Access:Full Text via HEAL-Link
LEADER 02620nam a22004935i 4500
001 978-4-431-55876-7
003 DE-He213
005 20171004141658.0
007 cr nn 008mamaa
008 160623s2016 ja | s |||| 0|eng d
020 |a 9784431558767  |9 978-4-431-55876-7 
024 7 |a 10.1007/978-4-431-55876-7  |2 doi 
040 |d GrThAP 
050 4 |a RD137-139 
072 7 |a MNC  |2 bicssc 
072 7 |a MJW  |2 bicssc 
072 7 |a MED085000  |2 bisacsh 
072 7 |a MED069000  |2 bisacsh 
082 0 4 |a 617.98  |2 23 
245 1 0 |a Operative General Surgery in Neonates and Infants  |h [electronic resource] /  |c edited by Tomoaki Taguchi, Tadashi Iwanaka, Takao Okamatsu. 
264 1 |a Tokyo :  |b Springer Japan :  |b Imprint: Springer,  |c 2016. 
300 |a XII, 402 p. 527 illus., 224 illus. in color.  |b online resource. 
336 |a text  |b txt  |2 rdacontent 
337 |a computer  |b c  |2 rdamedia 
338 |a online resource  |b cr  |2 rdacarrier 
347 |a text file  |b PDF  |2 rda 
520 |a This book focuses on standard operative techniques for important diseases in pediatric surgery, especially in neonates and infants, while also offering a wealth of schematic drawings and photographs to help readers understand the surgical techniques. Because of the rarity of the diseases and shortage of advising doctors, operative techniques for neonatal and infant surgery are difficult to learn. In order to understand essential operative procedures, schematic drawings and suitable intraoperative photographs are called for. Operative General Surgery in Neonates and Infants was written by leading experts in pediatric surgery with extensive experience in their respective fields. The contents provide detailed practical advice on the surgical procedures and perioperative management in neonates and infants. This book is a valuable guide for trainees and a helpful refresher text for specialized pediatric surgeons and can also be used to explain operative procedures to parents. 
650 0 |a Medicine. 
650 0 |a Abdominal surgery. 
650 0 |a Surgery. 
650 0 |a Pediatric surgery. 
650 1 4 |a Medicine & Public Health. 
650 2 4 |a Pediatric Surgery. 
650 2 4 |a General Surgery. 
650 2 4 |a Abdominal Surgery. 
700 1 |a Taguchi, Tomoaki.  |e editor. 
700 1 |a Iwanaka, Tadashi.  |e editor. 
700 1 |a Okamatsu, Takao.  |e editor. 
710 2 |a SpringerLink (Online service) 
773 0 |t Springer eBooks 
776 0 8 |i Printed edition:  |z 9784431558743 
856 4 0 |u http://dx.doi.org/10.1007/978-4-431-55876-7  |z Full Text via HEAL-Link 
912 |a ZDB-2-SME 
950 |a Medicine (Springer-11650)